| 000 | 00879nam a2200253 i 4500 | ||
|---|---|---|---|
| 001 | 14808 | ||
| 003 | ES-MaACL | ||
| 005 | 20250802063057.0 | ||
| 007 | t| | ||
| 008 | 990614s1986 cu |||| | spa d | ||
| 080 | _a821.134.2(7/8)-3.09 | ||
| 100 | 1 |
_aBueno, Salvador, _d1917-2006 _eaut _932387 |
|
| 245 | 1 | 3 |
_aEl negro en la novela hispanoamericana / _cSalvador Bueno |
| 260 |
_aLa Habana, Cuba : _bLetras Cubanas, _c1986 |
||
| 300 |
_a294 páginas ; _c18 cm |
||
| 500 | _aPresentado originalmente como tesis doctoral del autor. Academia de Ciencias de Hungría, 1978 | ||
| 504 | _aBibliografía | ||
| 650 | 1 | 0 |
_aPersonas negras- _xEn la literatura _9241501 |
| 650 | 4 |
_aNovela hispanoamericana- _xHistoria y crítica _915620 |
|
| 852 |
_aES-MaACL _cDEPO2 _jL-21890 |
||
| 942 |
_2udc _cMONOGRAFIA _n0 |
||
| 999 |
_c14808 _d14808 |
||